| 000 | 00592nam a22002057a 4500 | ||
|---|---|---|---|
| 008 | 150330b xxu||||| |||| 00| 0 eng d | ||
| 020 | _a9780071621427 | ||
| 041 | 0 | _aeng | |
| 080 | _a330.322.1 | ||
| 100 | 1 | _aGraham, Benjamin, | |
| 245 | 1 | 0 | _aBenjamin Graham on investing / |
| 260 |
_aNew York : _bMrGraw Hill, _c2009. |
||
| 300 |
_a400 f.: _bme il.; _c25 cm. |
||
| 505 | _aIndex: f.393-400 | ||
| 650 | 0 | _aAnaliza e investimeve | |
| 650 | 0 | _aBonot | |
| 700 | 1 | _aKlein, Rodney G. | |
| 700 | 1 | _aDarst, David M., | |
| 942 |
_2udc _cBK |
||
| 999 |
_c584 _d584 |
||